IASB zverejnila ďalšie predbežné rozhodnutia v projekte poistných zmlúv
Rada pre medzinárodné účtovné štandardy (IASB) zverejnila na svojich webových stránkach pracovný návrh realizácie predbežných rozhodnutí o projekte poistných zmlúv.
Salvato in:
| Autore principale: | |
|---|---|
| Natura: | Capitolo di libro |
| Lingua: | slovacco |
| Soggetti: | |
| Tags: |
Nessun Tag, puoi essere il primo ad aggiungerne!!
|
MARC
| LEADER | 00000nla a2200000 4500 | ||
|---|---|---|---|
| 001 | 0157819 | ||
| 005 | 20240502072743.9 | ||
| 041 | 0 | |a slo | |
| 044 | |a SK | ||
| 245 | 1 | 0 | |a IASB zverejnila ďalšie predbežné rozhodnutia v projekte poistných zmlúv |c Michal Ješš |
| 520 | |a Rada pre medzinárodné účtovné štandardy (IASB) zverejnila na svojich webových stránkach pracovný návrh realizácie predbežných rozhodnutí o projekte poistných zmlúv. | ||
| 610 | 2 | 0 | |a štandardy účtovné medzinárodné |
| 610 | 2 | 0 | |a IFRS |
| 610 | 2 | 0 | |a zmluvy poistné |
| 100 | 1 | |a Ješš, Michal, 1986- | |